Statistiken für Medias in Res Vok 16

Klicken Sie hier um das Quiz zu spielen!

Allgemein

  • Dieses Quiz wurde 157 mal gespielt
    (30 seit der letzten Aktualisierung)
  • Das Durchschnittsergebnis liegt bei 38 aus 54

Antwortstatistiken

HintÜbs / 2. Fall / GeschlechtAntwort% Korrekt
fortis/eÜbstapfer
100%
varius/a/umÜbsverschieden
100%
tempusÜbsZeit
100%
exercitusÜbsHeer
94%
difficilis/eÜbsschwierig
94%
natioÜbsVolk
94%
exercereÜbstrainieren, üben
94%
senatusÜbsSenat
94%
agerÜbsFeld, Gebiete (Pl.)
88%
crudelis/eÜbsgrausam
88%
brevis/eÜbskurz
88%
genusm.
88%
cruxÜbsKreuz
88%
natus/a/umÜbsgeboren, abstammend (von)
88%
gladiatorÜbsGladiator
88%
genusf.
88%
Gen.nationis
88%
genusm.
81%
genusn.
81%
Gen.gladiatoris
81%
Gen.agri
81%
1. P.exerceo
81%
Gen.senatus
75%
nobilis/eÜbsvornehm, adelig
75%
genusm.
75%
Gen.crucis
75%
Gen.temporis
75%
genusm.
69%
genusf.
69%
cognoscereÜbserkennen, erfahren
69%
1. P.cognosco
69%
genusf.
69%
celer/eris/ereÜbsschnell
69%
Gen.cupiditatis
69%
cupiditasÜbsBegierde, Gier
69%
discereÜbslernen
63%
Gen.exercitus
63%
1. P.contineo
63%
latus/a/umÜbsweit, breit
56%
1. P.ago
56%
agereÜbstun, verbringen
56%
1. P.disco
56%
se recipereÜbssich zurückziehen
50%
atrox (2. F.: atrocis)Übswild, grasslich
50%
adductus/a/umÜbsveranlasst
50%
1. P.recipio
44%
continereÜbszusammenhalten
44%
Perfektegi
38%
recipereÜbsaufnehmen
38%
Perfektcontinui
31%
Perfektexercui
31%
Perfektcognovi
31%
Perfektrecepi
25%
Perfektdidici
25%

Verteilung der Resultate

Perzentil nach korrekt beantworteten Fragen

Anzahl Personen mit jedem Resultat

Ihre Resultats-Entwicklung

Sie haben dieses Quiz seit der letzten Aktualisierung nicht gespielt